Histoire critique du marxisme : De la naissance de Marx à la dissolution du communisme historique du XXe siècle (notice n° 2084750)

détails MARC
000 -LEADER
fixed length control field 01887cam a2200145 4500500
005 - DATE AND TIME OF LATEST TRANSACTION
control field 20260405005549.0
041 ## - LANGUAGE CODE
Language code of text/sound track or separate title fre
042 ## - AUTHENTICATION CODE
Authentication code dc
100 10 - MAIN ENTRY--PERSONAL NAME
Personal name Preve, Constanzo
Relator term author
245 00 - TITLE STATEMENT
Title Histoire critique du marxisme : De la naissance de Marx à la dissolution du communisme historique du XXe siècle
260 ## - PUBLICATION, DISTRIBUTION, ETC.
Name of publisher, distributor, etc. Armand Colin,<br/>
Date of publication, distribution, etc. 2011.<br/>
520 ## - SUMMARY, ETC.
Summary, etc. Il s’agit d’une histoire du marxisme (et non d’une relecture ou d’une réinterprétation de la pensée de Marx) qui relance un débat nécessaire parmi les amis de Karl Marx et les penseurs qui se réclament du marxisme – deux catégories qui sont loin de se recouvrir. En effet, Marx et le marxisme n’ont pas grand-chose à voir. En France, il s’agit d’une problématique qui, pour rester très minoritaire n’est pas totalement inconnue. Parler du marxisme au singulier est sûrement abusif. Il y a des marxismes, souvent très différents et parfois radicalement opposés. Preve en fait le constat. Mais alors que les études marxologiques habituellement classifient les courants du marxisme en fonction des présuppositions théoriques ou des interprétations et réinterprétations de Marx, Preve tente d’appliquer au marxisme la méthode de Marx lui-même, c’est-à-dire la compréhension de la genèse sociale des catégories de la pensée. Malgré une œuvre déjà fort consistante qui fait de lui un des penseurs italiens importants parmi ceux qui se sont mis « à l’école de Marx », Costanzo Preve reste presque inconnu en France. La traduction en français et la publication de la Storia Critica del marxismo, parue en 2007, vient donc combler ce manque à l’heure où la crise favorise un sensible retour à Marx. 
700 10 - ADDED ENTRY--PERSONAL NAME
Personal name Eychart, Baptiste
Relator term author
856 41 - ELECTRONIC LOCATION AND ACCESS
Uniform Resource Identifier <a href="https://shs.cairn.info/histoire-critique-du-marxisme--9782200259266?lang=fr&redirect-ssocas=7080">https://shs.cairn.info/histoire-critique-du-marxisme--9782200259266?lang=fr&redirect-ssocas=7080</a>

Pas d'exemplaire disponible.

PLUDOC

PLUDOC est la plateforme unique et centralisée de gestion des bibliothèques physiques et numériques de Guinée administré par le CEDUST. Elle est la plus grande base de données de ressources documentaires pour les Étudiants, Enseignants chercheurs et Chercheurs de Guinée.

Adresse

627 919 101/664 919 101

25 boulevard du commerce
Kaloum, Conakry, Guinée

Réseaux sociaux

Powered by Netsen Group @ 2025